| 000 | 00326nam a22001337a 4500 | ||
|---|---|---|---|
| 020 | _a9789384007331 | ||
| 082 |
_a627. _bGHO/WA |
||
| 100 |
_aGhosh, Roy M.K _91283 |
||
| 245 | _aWater Resources: Strategic Overview for Global Sustainbility | ||
| 250 | _a1 | ||
| 260 |
_aNew Delhi _bMedtec _c2015 |
||
| 300 | _a320 | ||
| 942 | _cBBS | ||
| 999 |
_c14731 _d14731 |
||